| 000 | 00416nam a2200169 i 4500 | ||
|---|---|---|---|
| 001 | bg | ||
| 100 | 1 | _aCSAKI, F. | |
| 245 | 0 |
_aState-space methods for control systems / _cby F. Csaki. |
|
| 260 |
_aBudapest : _bAkademiai Kiado, _c1977. |
||
| 020 | _a9630508621 | ||
| 040 | _cBPK | ||
| 041 | _apol | ||
| 080 | _a62-5:621.391 | ||
| 920 | _a963-05-0862-1 | ||
| 942 | _cKS | ||
| 008 | s pl f |000 0 pol | ||
| 999 |
_c9889 _d9889 |
||
| 856 |
_uhttp://koha.tu.koszalin.pl/cgi-bin/koha/opac-detail.pl?biblionumber=9889 _yKatalog online BPK |
||